| 000 | 01050nam0a2200301 4500 | ||
|---|---|---|---|
| 001 | RU\NLR\bibl\1877714 | ||
| 005 | 20250616192540.0 | ||
| 035 | _a(NLR Aleph) 001867508 | ||
| 090 |
_a2615759 _c2615759 |
||
| 100 | _a20120306d2012 |||y0rusy50 ca | ||
| 101 | 0 | _arus | |
| 102 | _aRU | ||
| 105 | _aa ||||||||| | ||
| 200 | 1 |
_aФилолого-философские фантазии _e[сборник стихов] _fН.Ю. Авик |
|
| 210 |
_aСанкт-Петербург _cМозаика НК _d2012 |
||
| 215 |
_a131 с. _cил. _d21 |
||
| 316 |
_aС автогр. авт. _5NLR |
||
| 327 | 1 | _aСодерж.: циклы: Двери; Всадники Апокалипсиса; Мысли, приходящие в ночи; Просто мысли; | |
| 686 | _aШ6(2=Р)8-5 | ||
| 700 | 1 |
_aАвик _bН. Ю. _gНиколай Юрьевич _4070 |
|
| 801 | 0 |
_aRU _bNLR _c20120306 _gRCR |
|
| 801 | 1 |
_aRU _bNLR _c20120306 |
|
| 830 | _aавт. по кн. | ||
| 942 | _cBOOK | ||
| 980 | _aNB | ||
| 980 | _aNBR | ||